000 00278nam a2200109Ia 4500
008 200302s9999 xx 000 0 und d
100 _aW.D.Stagg & Others
245 _aPlastering : An Encyclopedia 3rd Edition
260 _bBlackwell Publishing
260 _c1999
300 _a295 P
999 _c4807
_d4807